header

Light (Record no. 113556)

MARC details
000 -LEADER
fixed length control field 01477nam a22003254a 4500
082 04 - DEWEY DECIMAL CLASSIFICATION NUMBER
Classification number 535/.071/273
100 1# - MAIN ENTRY--AUTHOR NAME
Personal name Robertson, William C.
245 10 - TITLE STATEMENT
Title Light
260 ## - PUBLICATION, DISTRIBUTION, ETC. (IMPRINT)
Place of publication Arlington, Va. :
Name of publisher NSTA Press,
Year of publication c2003.
300 ## - PHYSICAL DESCRIPTION
Number of Pages x, 106 p. :
Other physical details ill.
490 1# - SERIES STATEMENT
Series statement Stop faking it
500 ## - GENERAL NOTE
General note Enclosed light kit contains: three color gels (red, blue, yellow), Three sheets of polarized film, one diffraction grating peephole in pocket.
505 0# - FORMATTED CONTENTS NOTE
Formatted contents note Light-the early years -- Colorful waves -- Focus, people, focus! -- Not-so-cheap sunglasses -- When light waves collide -- All about eyeballs -- Fire the photon torpedoes, Mr. Sulu!
650 #0 - SUBJECT ADDED ENTRY--TOPICAL TERM
Topical Term Light
Topical Term Optics
856 40 - ELECTRONIC LOCATION AND ACCESS
Uniform Resource Identifier http://site.ebrary.com/lib/rucke/Doc?id=10192262

No items available.

© 2026 Rongo University
Contact us: librarian | system librarian | Rongo university